Politics and the media : harlots and prerogatives at the turn of the milennium
Saved in:
| Format: | Book |
|---|---|
| Published: |
Blackwell
1998
|
| Tags: |
Add Tag
No Tags, Be the first to tag this record!
|
| Institutions: | Mạng thư viện Đại học Đà Nẵng |
|---|
| LEADER | 00540nam a2200205 a 4500 | ||
|---|---|---|---|
| 001 | 000028985 | ||
| 003 | 7242 | ||
| 005 | 20171030145630.0 | ||
| 008 | 171030s1998 | ||
| 040 | |a LTT | ||
| 082 | 0 | |a 302.23 |b Po-M | |
| 245 | 0 | 0 | |a Politics and the media : harlots and prerogatives at the turn of the milennium |c edited by Jean Seaton. |
| 260 | |b Blackwell |c 1998 | ||
| OWN | |a LTT | ||
| 999 | |a From the UDN01 | ||
| TYP | |a Monograph | ||
| TYP | |a Printed language | ||
| 980 | |a Mạng thư viện Đại học Đà Nẵng | ||